Grandfather Twilight (Record no. 49130)
| 000 -LEADER | |
|---|---|
| fixed length control field | 00352nam a22001217a 4500 |
| 008 - FIXED-LENGTH DATA ELEMENTS--GENERAL INFORMATION | |
| fixed length control field | 250806b |||||||| |||| 00| 0 eng d |
| 020 ## - INTERNATIONAL STANDARD BOOK NUMBER | |
| International Standard Book Number | 9780399215964 |
| 100 ## - MAIN ENTRY--PERSONAL NAME | |
| Personal name | Barbara Helen Berger (Author) |
| 9 (RLIN) | 86474 |
| 245 ## - TITLE STATEMENT | |
| Title | Grandfather Twilight |
| 260 ## - PUBLICATION, DISTRIBUTION, ETC. (IMPRINT) | |
| Place of publication, distribution, etc | New York |
| Name of publisher, distributor, etc | Philomel |
| Date of publication, distribution, etc | 1988 |
| 300 ## - PHYSICAL DESCRIPTION | |
| Extent | 25 pages |
| Other physical details | col. ill. |
| Dimensions | 8.24 x 0.11 x 9.02 inches |
| 942 ## - ADDED ENTRY ELEMENTS (KOHA) | |
| Source of classification or shelving scheme | |
| Withdrawn status | Lost status | Damaged status | Not for loan | Collection code | Home library | Current library | Date acquired | Total Checkouts | Full call number | Barcode | Date last seen | Price effective from | Koha item type |
|---|---|---|---|---|---|---|---|---|---|---|---|---|---|
| Siem Riep | Asian Hope Siem Reap | Asian Hope Siem Reap | 08/06/2025 | EFIC BAR | 209098 | 08/06/2025 | 08/06/2025 | Book |